Responses for Show #4356 - Monday, July 7, 2003

Contestants

[<< previous game]

Rob Latimer, a graduate student from Royal Oak, Michigan

Carol DeLockroy, a retired educator from Henderson, Colorado

Ethan Lowry, a software designer from Seattle, Washington (whose 1-day cash winnings total $7,999)

[next game >>]

Jeopardy! Round responses

ANIMALS IN LITERATURE
CORNHUSKER CINEMA
SCHOOL DAYS
BIBLICAL WOMEN
STARTS & ENDS WITH "C"
POTPOURRI
    $200 26
pig

Ethan
    $200 21
About Schmidt

Rob
    $200 16
grades

Ethan
    $200 6
Eve

Rob
    $200 11
cardiac

Rob
    $200 1
Patty

Rob
    $400 27
(Ethan: What is a mongoose?)
(Rob: What is a cobra?)
...
(Alex: It was a snake, but it wasn't a cobra.)

snake

EthanRob
Triple Stumper
    $400 22
Terms of Endearment

Ethan
    $400 17
field trips

Rob
    $400 7
Delilah

Rob
    $400 12
cul-de-sac

Carol
    $400 2
submarine

Ethan
    $600 28
Alice (of "Alice in Wonderland")

Triple Stumper
    $1,500 23
(Ethan: What is "Captains Courageous?")

Boys Town

Ethan
    $600 18
tardy Hardy

Ethan
    $600 8
(Rob: Who is Abigail?)

Bathsheba

CarolRob
    $600 13
colic

Ethan
    $600 3
Eternity

Ethan
    $800 29
Ichabod Crane

Ethan
    $800 24
Boys Don't Cry

Carol
    $800 19
rush

Ethan
    $800 9
Mary Magdalene

Rob
    $800 14
caustic

Carol
    $800 4
Zone (Zone Improvement Program)

Carol
    $1000 30
lamb

Ethan
    $1000 25
Sean Penn

Ethan
    $1000 20
thesis/dissertation

Rob
    $1000 10
(Ethan: Who is Rebekah?)

Ruth

EthanCarol
    $1000 15
cognac

Rob
    $1000 5
greenhouse effect

Rob

Scores at the first commercial break (after clue 15):

Ethan Carol Rob
$600 $3,600 $3,200

Scores at the end of the Jeopardy! Round:

Ethan Carol Rob
$3,700 $4,400 $4,400

Double Jeopardy! Round responses

VATICAN CITY
STARS' MEMOIRS
(Alex: Name the star.)
'BOUT 100 YEARS AGO
THE OTTO CLUB
PLACES
"POO"-POURRI
(Alex: And I have no idea what this is about, so be careful, guys!)
    $400 16
train/railroad

Ethan
    $400 11
Mae West

Triple Stumper
    $400 21
Buffalo Bill Cody

Ethan
    $400 26
glider

Ethan
    $400 1
Falkland Islands (or Malvinas)

Ethan
    $400 6
poop deck

Carol
    $800 17
Guglielmo Marconi

Ethan
    $800 12
Chuck Barris

Ethan
    $800 22
Theodore Roosevelt

Ethan
    $800 27
Seoul

Rob
    $800 2
Lake Titicaca

Ethan
    $800 7
(Carol: What is Pooh Corners?)
...
(Alex: Only one corner, Carol; sorry.)

Pooh Corner

EthanCarol
    $1200 18
Pope Pius XII

Ethan
    $1200 13
Steve Allen

Triple Stumper
    $1200 23
Carrie Nation

Rob
    $1200 28
nuclear fission

Rob
    $1200 3
Honshu

Ethan
    $1200 8
poodle

Triple Stumper
    $1600 19
Castel Gandolfo

Triple Stumper
    $1600 14
John Phillips (of The Mamas and the Papas)

Rob
    $3,500 24
(Rob: [No response])
...
(Alex: Less than a minute to go.)

Sherman Antitrust Act

Rob
    $1600 29
vacuum

Rob
    $1600 4
Regina

Ethan
    $1600 9
(Rob: No.)

pooka

CarolRob
    $2000 20
Lateran Treaty

Triple Stumper
    $2000 15
Kirk Douglas

Triple Stumper
    $2000 25
Manchuria

Carol
    $2000 30
Otto von Bismarck

Rob
    $2000 5
Trinidad & Tobago

Ethan
    $2,000 10
Poobah

Carol

Scores at the end of the Double Jeopardy! Round:

Ethan Carol Rob
$15,300 $9,600 $7,700

[wagering suggestions for these scores]

Final Jeopardy! Round responses

HISTORIC AMERICANS
(Alex: The former president of the Confederacy.)
RobWho was Robert E. Lee
$4,000
CarolWho was Aaron Burr?
$6,000
EthanWho is Jefferson Davis
$3,901
Jefferson Davis

Final scores:

Ethan Carol Rob
$19,201 $3,600 $3,700
2-day champion: $27,200 3rd place: $1,000 2nd place: $2,000

Game dynamics:

Coryat scores:

Ethan Carol Rob
$16,800 $9,600 $11,200
24 R,
3 W
(including 1 DD)
10 R
(including 1 DD),
1 W
16 R,
4 W
(including 1 DD)

Combined Coryat: $37,600

[game clues] [game scores] [suggest correction]

Game tape date: 2003-03-05
The J! Archive is created by fans, for fans. Scraping, republication, monetization, and malicious use prohibited; this site may use cookies and collect identifying information. See terms. The Jeopardy! game show and all elements thereof, including but not limited to copyright and trademark thereto, are the property of Jeopardy Productions, Inc. and are protected under law. This website is not affiliated with, sponsored by, or operated by Jeopardy Productions, Inc. Join the discussion at JBoard.tv.